000 00429nam a22001577a 4500
005 20251108163335.0
008 250721s1924 xx 000 0 ara d
082 1 4 _a170/مبا
100 1 _aمبارك، زكي
245 1 0 _aالأخلاق عند الغزالي /
264 1 _aمصر :
_bالمكتبة التجارية الكبرى،
_c1924.
300 _a297ص
650 1 7 _aالأخلاق
942 _2ddc
_cBK
999 _c243
_d243